Entusiasmos compartidos y batallas sin cuartel (Record no. 73269)

MARC details
000 -LEADER
campo de control de longitud fija 00782nam a2200241 i 4500
001 - NÚMERO DE CONTROL
campo de control 73269
003 - IDENTIFICADOR DE NÚMERO DE CONTROL
campo de control ES-MaACL
005 - FECHA Y HORA DE LA ÚLTIMA TRANSACCIÓN
campo de control 20230906171731.0
007 - CAMPO FIJO DE DESCRIPCIÓN FÍSICA--INFORMACIÓN GENERAL
campo de control de longitud fija t|
008 - DATOS DE LONGITUD FIJA--INFORMACIÓN GENERAL
campo de control de longitud fija 040923s1996 sp ||||1| spa d
020 ## - NÚMERO INTERNACIONAL ESTÁNDAR DEL LIBRO
Número Internacional Estándar del Libro 84-339-0777-8
080 ## - NÚMERO DE LA CLASIFICACIÓN DECIMAL UNIVERSAL
Número de la Clasificación Decimal Universal 929 Bohigas, Oriol
100 1# - ENTRADA PRINCIPAL--NOMBRE DE PERSONA
Nombre de persona Bohigas, Oriol.
9 (RLIN) 29819
245 10 - MENCIÓN DEL TÍTULO
Título Entusiasmos compartidos y batallas sin cuartel
Resto del título : dietario de recuerdos II /
Mención de responsabilidad, etc. Oriol Bohigas ; traducción de Joaquín Jordá.
260 ## - PUBLICACIÓN, DISTRIBUCIÓN, ETC.
Lugar de publicación, distribución, etc. Barcelona :
Nombre del editor, distribuidor, etc. Anagrama,
Fecha de publicación, distribución, etc. [1996]
300 ## - DESCRIPCIÓN FÍSICA
Extensión 345 p. ;
Dimensiones 23 cm.
490 1# - MENCIÓN DE SERIE
Mención de serie Biblioteca de la memoria ;
Designación de volumen o secuencia 12
600 14 - PUNTO DE ACCESO ADICIONAL DE MATERIA--NOMBRE DE PERSONA
Nombre de persona Bohigas, Oriol.
9 (RLIN) 29819
700 1# - ENTRADA AGREGADA--NOMBRE PERSONAL
Nombre de persona Jordá, Joaquín.
9 (RLIN) 66895
830 0# - PUNTO DE ACCESO ADICIONAL DE SERIE-TÍTULO UNIFORME
Título uniforme Biblioteca de la memoria ;
Designación de volumen o secuencia 12
9 (RLIN) 177960
852 ## - LOCALIZACIÓN
Ubicación ES-MaACL
Número de control de estantería L-28103
Sublocalización o colección R.134111
Holdings
Estatus retirado Estado de pérdida Estado de daño No para préstamo Biblioteca de origen Biblioteca actual Ubicación en estantería Fecha de adquisición Fuente de adquisición Total de préstamos Signatura topográfica completa Código de barras Visto por última vez Precio de reemplazo Tipo de ítem Koha
        Biblioteca del Ateneo de Madrid Biblioteca del Ateneo de Madrid Depósito 2 17/01/2008     L-28103 1076697 23/02/2023 23/02/2023 Libro impreso